000 00375nam a2200145 i 4500
001 bg
100 1 _aNOWAKOWSKI, Janusz
245 0 _aStochastyczna teoria sterowania /
_cJanusz Nowakowski, Wiesław Porębski.
260 _aGdańsk,
_c1981.
700 1 _aPORĘBSKI, Wiesław
040 _cBPK
041 _apol
942 _cKS
008 s pl f |000 0 pol
999 _c20358
_d20358
856 _uhttp://koha.tu.koszalin.pl/cgi-bin/koha/opac-detail.pl?biblionumber=20358
_yKatalog online BPK